000 00402 a2200169 4500
001 72694
020 _a8576662868
040 _cAnchieta - Colégio São Paulo
100 _aSouza, Shirley
240 1 0 _aA pessoa certa na hora exata
_lpor
245 1 0 _aA pessoa certa na hora exata
300 _a64
362 0 _a2005
440 1 _aEscala Educacional
650 4 _aLiteratura juvenil
942 _cBK
999 _c72694
_d72694